[Event "SR 3. liga A2 2010/2011"]
[Site "?"]
[Date "2010.10.17"]
[Round "1.3"]
[White "Dvorsky, Jozef"]
[Black "Kocak, Branislav"]
[Result "1-0"]
[WhiteElo "2024"]
[BlackElo "1927"]
[PlyCount "77"]
[EventDate "2010.??.??"]
[WhiteTeam "Slovakia"]
[BlackTeam "II"]
[WhiteTeamCountry "SVK"]
[BlackTeamCountry "SVK"]

1. e4 c5 2. Nf3 d6 3. c4 Nc6 4. d4 cxd4 5. Nxd4 g6 6. Be3 Bg7 7. Qd2 Nf6 8. f3
Bd7 9. Nc3 Nxd4 10. Bxd4 O-O 11. Be2 Re8 12. O-O Bc6 13. b4 b6 14. Rac1 Rc8 15.
Rfd1 Nd7 16. f4 e5 17. Bf2 exf4 18. Qxd6 Ne5 19. Qxd8 Rcxd8 20. Nd5 g5 21. h3
h6 22. c5 Rb8 23. Nc7 Re7 24. Na6 Rbe8 25. b5 Bb7 26. cxb6 axb6 27. Bxb6 Bxe4
28. Nc7 Rc8 29. Nd5 Rce8 30. Nxe7+ Rxe7 31. Rc7 Re8 32. Kf2 f5 33. Bd4 Bf6 34.
Bxe5 Bxe5 35. Rcd7 Rc8 36. b6 Rc2 37. R1d2 Rc6 38. b7 Rb6 39. Re7 1-0

[Event "SR 3. liga A2 2010/2011"]
[Site "?"]
[Date "2010.10.17"]
[Round "1.3"]
[White "Halas, Miroslav"]
[Black "Kubis, Ivan"]
[Result "0-1"]
[WhiteElo "1935"]
[BlackElo "1980"]
[PlyCount "96"]
[EventDate "2010.??.??"]
[WhiteTeam "Slovakia"]
[BlackTeam "II"]
[WhiteTeamCountry "SVK"]
[BlackTeamCountry "SVK"]

1. e4 e5 2. Nf3 Nc6 3. d4 exd4 4. Bc4 Nf6 5. O-O Nxe4 6. Re1 d5 7. Bb5 Be7 8.
Nxd4 Bd7 9. c4 O-O 10. cxd5 Nxd4 11. Bxd7 Qxd7 12. Rxe4 Nb5 13. Nc3 Bf6 14. Qf3
Rfe8 15. Bd2 Nd4 16. Qd3 Nf5 17. Rae1 Nd6 18. R4e3 g6 19. b3 Rxe3 20. Rxe3 Re8
21. Ne4 Rxe4 22. Rxe4 Nxe4 23. Qxe4 c6 24. Qf4 Qxd5 25. g4 Be5 26. Qe3 Qd4 27.
h3 c5 28. Kg2 a6 29. f4 Qxe3 30. Bxe3 Bd6 31. Kf3 f5 32. Ke2 Kf7 33. Kd3 b5 34.
a4 Ke6 35. Bd2 Kd5 36. gxf5 gxf5 37. axb5 axb5 38. Ke3 Be7 39. Bc3 c4 40. b4
Bd8 41. Bd4 Bc7 42. Bc5 Bd6 43. Bxd6 Kxd6 44. Kd4 h6 45. h4 h5 46. Kc3 Kd5 47.
Kb2 Kd4 48. Kc2 Ke4 0-1

[Event "SR 3. liga A2 2010/2011"]
[Site "?"]
[Date "2010.10.17"]
[Round "1.3"]
[White "Jakubec, Milan"]
[Black "Jozefovic, Milan"]
[Result "1-0"]
[WhiteElo "2073"]
[BlackElo "1917"]
[PlyCount "99"]
[EventDate "2010.??.??"]
[WhiteTeam "Slovakia"]
[BlackTeam "II"]
[WhiteTeamCountry "SVK"]
[BlackTeamCountry "SVK"]

1. e4 e6 2. d4 Be7 3. Nf3 Nf6 4. Bd3 d6 5. c4 Nc6 6. d5 Ne5 7. Nxe5 dxe5 8. O-O
O-O 9. Nc3 exd5 10. exd5 Bg4 11. f3 Bc5+ 12. Kh1 Bh5 13. Bg5 Be7 14. Qc2 h6 15.
Bxf6 Bxf6 16. g4 Bg6 17. Bxg6 fxg6 18. Qxg6 Bg5 19. Ne4 Bf4 20. g5 hxg5 21. Rg1
Qe8 22. Qxe8 Raxe8 23. Rg4 Be3 24. Kg2 Rf4 25. Re1 Rxg4+ 26. fxg4 Bf4 27. Rd1
b6 28. b4 Kf8 29. h3 Ke7 30. Kf3 Rh8 31. Rh1 Kd7 32. Nf2 c6 33. Ke4 cxd5+ 34.
Kxd5 Rd8 35. Rd1 Ke7+ 36. Ke4 Rc8 37. Kd3 Ke6 38. Kc3 Be3 39. Ne4 Rh8 40. Rd3
Bf4 41. c5 bxc5 42. bxc5 Bc1 43. Kc4 Bb2 44. Nxg5+ Ke7 45. Rb3 Bd4 46. Nf3 Rxh3
47. Nxd4 Rh2 48. Nf5+ Kf6 49. c6 Rxa2 50. c7 1-0

[Event "SR 3. liga A2 2010/2011"]
[Site "?"]
[Date "2010.10.17"]
[Round "1.3"]
[White "Machalova, Erika"]
[Black "Palka, Miroslav"]
[Result "1/2-1/2"]
[WhiteElo "2161"]
[BlackElo "1935"]
[PlyCount "50"]
[EventDate "2010.??.??"]
[WhiteTeam "Slovakia"]
[BlackTeam "II"]
[WhiteTeamCountry "SVK"]
[BlackTeamCountry "SVK"]

1. d4 d5 2. c4 e6 3. Nc3 Nf6 4. Bg5 Nbd7 5. e3 c6 6. Nf3 Qa5 7. Nd2 dxc4 8.
Bxf6 Nxf6 9. Nxc4 Qd8 10. Bd3 Be7 11. O-O O-O 12. Qe2 b6 13. Ne5 Bb7 14. Rfd1
Rc8 15. Rac1 Nd5 16. Ne4 f6 17. Nf3 Qe8 18. a3 f5 19. Ned2 c5 20. Ne5 Bd6 21.
Ndc4 Bb8 22. Nf3 Qe7 23. dxc5 Rxc5 24. Nce5 Rfc8 25. Rxc5 Rxc5 $11 1/2-1/2

[Event "SR 3. liga A2 2010/2011"]
[Site "?"]
[Date "2010.10.17"]
[Round "1.3"]
[White "Ujhelyi, Matus"]
[Black "Sturdik, Igor"]
[Result "0-1"]
[WhiteElo "2006"]
[BlackElo "2071"]
[PlyCount "76"]
[EventDate "2010.??.??"]
[WhiteTeam "Slovakia"]
[BlackTeam "II"]
[WhiteTeamCountry "SVK"]
[BlackTeamCountry "SVK"]

1. e4 Nf6 2. e5 Nd5 3. d4 d6 4. c4 Nb6 5. exd6 exd6 6. Nc3 Be7 7. Nf3 Bg4 8.
Be3 O-O 9. h3 Bh5 10. Bd3 Nc6 11. a3 Bf6 12. g4 Bg6 13. g5 Be7 14. b3 Re8 15.
Bxg6 hxg6 16. h4 f5 17. gxf6 Bxf6 18. Qd3 Ne7 19. O-O-O Qd7 20. Ne4 Qf5 21.
Nxf6+ gxf6 22. Qe2 a5 23. h5 g5 24. Rdg1 Kh7 25. h6 Ng6 26. Rh5 Nf4 27. Nxg5+
fxg5 28. Qd1 Rg8 29. Bxf4 Qxf4+ 30. Kb1 Raf8 31. Re1 Qf3 32. Qc2+ Qf5 33. Re7+
Kg6 34. Rh2 Qxc2+ 35. Kxc2 Rf7 36. h7 Rh8 37. Re6+ Kg7 38. Reh6 Rxf2+ 0-1

[Event "SR 3. liga A2 2010/2011"]
[Site "?"]
[Date "2010.10.17"]
[Round "1.4"]
[White "Chabada, Tomas"]
[Black "Kramarik, Peter"]
[Result "1/2-1/2"]
[WhiteElo "1930"]
[BlackElo "1989"]
[PlyCount "99"]
[EventDate "2010.??.??"]
[WhiteTeam "Slovakia"]
[BlackTeam "II"]
[WhiteTeamCountry "SVK"]
[BlackTeamCountry "SVK"]

1. e4 c5 2. Nf3 Nc6 3. Nc3 d6 4. d4 cxd4 5. Nxd4 e5 6. Ndb5 a6 7. Na3 b5 8. Nd5
Bb7 9. Be3 Rc8 10. Bb6 Qd7 11. Be2 Nd8 12. O-O Ne6 13. c4 bxc4 14. Nxc4 Nf6 15.
Nxf6+ gxf6 16. f3 d5 17. exd5 Qxd5 18. Qxd5 Bxd5 19. Ne3 Bb7 20. Rac1 Bc5 21.
Bxc5 Rxc5 22. Nf5 Kd7 23. Rfd1+ Kc7 24. Rxc5+ Nxc5 25. Rc1 Kb6 26. b4 Ne6 27.
Nd6 Nd4 28. Bd3 Rd8 29. Nxb7 Kxb7 30. Kf2 h6 31. Be4+ Kb6 32. Rc5 Ne6 33. Rc6+
Kb5 34. Ke3 Rd1 35. a4+ Kxb4 36. Rxa6 Ra1 37. Bc6 Ra3+ 38. Kf2 Ra2+ 39. Ke3
Ra3+ 40. Kf2 Ra2+ 41. Kg3 Nf4 42. Kg4 Rxg2+ 43. Kf5 Nh5 44. Bd5 Rf2 45. Kg4
Rxh2 46. Bxf7 Ng7 47. Rxf6 Kxa4 48. Kg3 Rh1 49. Kg2 Rh4 50. Rg6 $11 1/2-1/2

[Event "SR 3. liga A2 2010/2011"]
[Site "?"]
[Date "2010.10.17"]
[Round "1.4"]
[White "Hrubsa, Marian"]
[Black "Svoboda, Adam"]
[Result "0-1"]
[WhiteElo "1979"]
[BlackElo "1925"]
[PlyCount "88"]
[EventDate "2010.??.??"]
[WhiteTeam "Slovakia"]
[BlackTeam "II"]
[WhiteTeamCountry "SVK"]
[BlackTeamCountry "SVK"]

1. e4 e6 2. d4 d5 3. Nd2 dxe4 4. Nxe4 Nd7 5. Nf3 Ngf6 6. Bd3 Nxe4 7. Bxe4 Nf6
8. Bd3 Bd7 9. O-O c5 10. Re1 Qc7 11. c4 cxd4 12. Nxd4 Bc5 13. Nf3 O-O 14. a3 a5
15. Be3 Bxe3 16. Rxe3 h6 17. Ne5 Bc6 18. Qe2 Rad8 19. Re1 Rd4 20. Rg3 Be4 21.
Ng4 Nxg4 22. Qxg4 f5 23. Qe2 Rfd8 24. Bxe4 Rxe4 25. Re3 Qxc4 26. Qxc4 Rxc4 27.
Rxe6 Rc2 28. R6e5 Rdd2 29. Rxf5 Rxb2 30. Rf3 a4 31. g3 Rb3 32. Rxb3 axb3 33.
Rb1 b2 34. Kg2 Kf7 35. Kf3 Ke6 36. Ke3 Rc2 37. h4 Kd5 38. Kd3 Rxf2 39. Kc3 Ke4
40. Rxb2 Rxb2 41. Kxb2 Kf3 42. Kb3 Kxg3 43. h5 Kg4 44. Kb4 Kxh5 0-1

[Event "SR 3. liga A2 2010/2011"]
[Site "?"]
[Date "2010.10.17"]
[Round "1.4"]
[White "Lopatievov, Alexander"]
[Black "Takacs, Laszlo"]
[Result "0-1"]
[WhiteElo "1988"]
[BlackElo "1921"]
[PlyCount "86"]
[EventDate "2010.??.??"]
[WhiteTeam "Slovakia"]
[BlackTeam "II"]
[WhiteTeamCountry "SVK"]
[BlackTeamCountry "SVK"]

1. Nf3 Nf6 2. g3 g6 3. Bg2 d5 4. d3 Bg7 5. O-O O-O 6. c3 c5 7. Qc2 Nc6 8. Re1
e5 9. e4 d4 10. cxd4 cxd4 11. Bd2 h6 12. Na3 Be6 13. b4 a6 14. Rac1 Rc8 15. Qb2
b5 16. Rc2 Nh5 17. Rec1 Qd7 18. Rc5 Qb7 19. Nc2 Na7 20. Na1 Rxc5 21. Rxc5 Rc8
22. Rxc8+ Qxc8 23. Nb3 Bg4 24. Nc5 a5 25. a3 Bxf3 26. Bxf3 Nf6 27. Qc1 axb4 28.
axb4 h5 29. Be2 Nd7 30. Nxd7 Qxd7 31. Qc5 Nc8 32. Bd1 Nd6 33. Bb3 Kh7 34. f4
Nb7 35. Qb6 h4 36. Bd5 Qg4 37. Kf2 Qd1 38. Be1 Qc2+ 39. Kf3 Qxd3+ 40. Kg4 Qe2+
41. Kh3 Qf1+ 42. Kxh4 Qg2 43. h3 Qe2 0-1

[Event "SR 3. liga A2 2010/2011"]
[Site "?"]
[Date "2010.10.17"]
[Round "1.4"]
[White "Nemsak, Denis"]
[Black "Szitasi, Janos"]
[Result "1-0"]
[WhiteElo "1791"]
[BlackElo "2020"]
[PlyCount "61"]
[EventDate "2010.??.??"]
[WhiteTeam "Slovakia"]
[BlackTeam "II"]
[WhiteTeamCountry "SVK"]
[BlackTeamCountry "SVK"]

1. c4 g6 2. Nc3 Bg7 3. e4 c5 4. Nge2 Nc6 5. g3 Nf6 6. Bg2 O-O 7. O-O e5 8. d3
d6 9. Rb1 Be6 10. h3 Qd7 11. Kh2 Ne8 12. f4 f5 13. exf5 gxf5 14. Nd5 Nc7 15.
Nec3 Kh8 16. a3 Bxd5 17. Nxd5 Nxd5 18. Bxd5 Ne7 19. Qf3 Rab8 20. b4 b6 21. Bb2
Ng6 22. Rg1 a5 23. b5 exf4 24. gxf4 Bxb2 25. Rxb2 Qg7 26. Rf2 Qd4 27. Qg3 Rbe8
28. Rgg2 Re3 29. Qg5 Qxd3 30. Qh6 Qd4 31. Qxf8+ 1-0

[Event "SR 3. liga A2 2010/2011"]
[Site "?"]
[Date "2010.10.17"]
[Round "1.4"]
[White "Skapikova, Lubica"]
[Black "Liptak, Dusan"]
[Result "1/2-1/2"]
[WhiteElo "1926"]
[BlackElo "2086"]
[PlyCount "82"]
[EventDate "2010.??.??"]
[WhiteTeam "Slovakia"]
[BlackTeam "II"]
[WhiteTeamCountry "SVK"]
[BlackTeamCountry "SVK"]

1. e4 c5 2. Nf3 d6 3. d4 cxd4 4. Nxd4 Nf6 5. Nc3 a6 6. Be2 e5 7. Nb3 Be7 8. O-O
Be6 9. f4 Qc7 10. Be3 O-O 11. f5 Bc4 12. Bxc4 Qxc4 13. Nd2 Qc6 14. Rf3 d5 15.
Bg5 Bc5+ 16. Kh1 Nbd7 17. exd5 Nxd5 18. Nxd5 Qxd5 19. f6 Rfe8 20. Rd3 Qc6 21.
Nb3 Nxf6 22. Bxf6 gxf6 23. Nxc5 Qxc5 24. Qg4+ Kf8 25. Rad1 e4 26. Rd5 Qxc2 27.
Qh4 e3 28. Qxf6 Qg6 29. Qh8+ Qg8 30. Qd4 h6 31. Qb4+ Kg7 32. Qd4+ Kh7 33. Re1
Qg6 34. Rd6 Qe4 35. Qf6 Qg6 36. Qf4 Re6 37. Rxe6 Qxe6 38. Rxe3 Qd5 39. Rf3 Rf8
40. h3 f5 41. a3 Kg6 $11 1/2-1/2

[Event "SR 3. liga A2 2010/2011"]
[Site "?"]
[Date "2010.10.17"]
[Round "1.4"]
[White "Valla, Tomas"]
[Black "Puobis, Jozef"]
[Result "1-0"]
[WhiteElo "1790"]
[BlackElo "1949"]
[PlyCount "78"]
[EventDate "2010.??.??"]
[WhiteTeam "Slovakia"]
[BlackTeam "II"]
[WhiteTeamCountry "SVK"]
[BlackTeamCountry "SVK"]

1. e4 d5 2. exd5 Nf6 3. Bb5+ Bd7 4. Bc4 Bg4 5. f3 Bf5 6. Nc3 Nbd7 7. d4 Nb6 8.
Bb3 a5 9. a3 a4 10. Ba2 Nbxd5 11. Nxd5 Nxd5 12. Ne2 e6 13. Ng3 Bg6 14. O-O Bd6
15. Qe1 O-O 16. Ne4 Bf4 17. g3 Bxc1 18. Rxc1 b6 19. c4 Nf6 20. Qe3 Ra5 21. Rfd1
Nxe4 22. fxe4 Rh5 23. Bb1 e5 24. d5 Qd7 25. Bd3 c6 26. dxc6 Qxc6 27. Be2 Rh6
28. Rd5 Qe6 29. Bf1 Re8 30. Rcd1 Qc6 31. c5 bxc5 32. Qxc5 Qxc5+ 33. Rxc5 f6 34.
Bc4+ Kf8 35. Bd5 f5 36. Rf1 Rh5 37. Ra5 Rb8 38. Rf2 Ke7 39. Rxa4 Rxb2 1-0

[Event "SR 3. liga A2 2010/2011"]
[Site "?"]
[Date "2010.10.17"]
[Round "1.5"]
[White "Feher, Tibor"]
[Black "Mackovic, Matus"]
[Result "1/2-1/2"]
[WhiteElo "1805"]
[BlackElo "1846"]
[PlyCount "88"]
[EventDate "2010.??.??"]
[WhiteTeam "Slovakia"]
[BlackTeam "II"]
[WhiteTeamCountry "SVK"]
[BlackTeamCountry "SVK"]

1. d4 Nf6 2. c4 g6 3. Nf3 Bg7 4. Nc3 O-O 5. e3 d6 6. Be2 Nbd7 7. O-O e5 8. dxe5
Nxe5 9. Nxe5 dxe5 10. Qxd8 Rxd8 11. e4 c6 12. f3 Nh5 13. g3 Be6 14. Be3 Nf6 15.
Rfd1 Rxd1+ 16. Rxd1 Bf8 17. Na4 Nd7 18. b3 b6 19. Nb2 f6 20. Kf2 Kf7 21. Nd3 a5
22. Nb2 Nc5 23. Nd3 Nxd3+ 24. Bxd3 c5 25. a4 Rd8 26. Bc2 Rxd1 27. Bxd1 f5 28.
Bc2 Kf6 29. Bc1 Bd6 30. Bb2 Kf7 31. Bc1 h5 32. Bg5 Be7 33. Bd2 Bd7 34. Bc3 Ke6
35. Bd2 Bc6 36. Bc1 Bd8 37. Bd2 Bc7 38. Bg5 Bd7 39. Kg2 Kf7 40. Kf2 Ke8 41. Bf6
Kf7 42. Bg5 Ke6 43. Ke2 Kd6 44. Kf2 Ke6 $11 1/2-1/2

[Event "SR 3. liga A2 2010/2011"]
[Site "?"]
[Date "2010.10.17"]
[Round "1.5"]
[White "Kosar, Mikulas ml"]
[Black "Brunovsky, Peter"]
[Result "0-1"]
[WhiteElo "1889"]
[BlackElo "1785"]
[PlyCount "70"]
[EventDate "2010.??.??"]
[WhiteTeam "Slovakia"]
[BlackTeam "II"]
[WhiteTeamCountry "SVK"]
[BlackTeamCountry "SVK"]

1. e4 c6 2. Nc3 d5 3. Nf3 dxe4 4. Nxe4 Nf6 5. Nxf6+ gxf6 6. d4 Bg4 7. Be2 e6 8.
Bf4 Bd6 9. Bh6 Nd7 10. c3 Qc7 11. h3 Bf5 12. Bd3 Bg6 13. Qd2 Rg8 14. g4 O-O-O
15. O-O-O Kb8 16. Be3 Ka8 17. Qc2 Nb6 18. c4 c5 19. Bxg6 hxg6 20. dxc5 Bxc5 21.
Bxc5 Qxc5 22. b3 Rc8 23. Rd2 Nxc4 24. bxc4 Qa3+ 25. Kb1 Qxf3 26. Rhd1 a6 27.
Rd7 Rgf8 28. R1d6 Rc6 29. Rd3 Rb6+ 30. Kc1 Qf4+ 31. Kd1 Rc8 32. c5 Rb5 33. Rd8
Qc7 34. c6 Rxd8 35. cxb7+ Kxb7 0-1

[Event "SR 3. liga A2 2010/2011"]
[Site "?"]
[Date "2010.10.17"]
[Round "1.5"]
[White "Krist, Milan"]
[Black "Vepy, Ivan"]
[Result "1-0"]
[WhiteElo "2004"]
[BlackElo "1935"]
[PlyCount "99"]
[EventDate "2010.??.??"]
[WhiteTeam "Slovakia"]
[BlackTeam "II"]
[WhiteTeamCountry "SVK"]
[BlackTeamCountry "SVK"]

1. c4 e5 2. e4 Nf6 3. Nc3 d6 4. d3 Be7 5. Be2 O-O 6. Nf3 Bg4 7. O-O c6 8. Bg5
Nbd7 9. Rc1 h6 10. Bh4 Nh7 11. Bxe7 Qxe7 12. h3 Bh5 13. Nh2 Bxe2 14. Qxe2 f5
15. exf5 Rxf5 16. d4 Qf7 17. d5 Rf8 18. f3 Ndf6 19. Rcd1 cxd5 20. Nxd5 Nxd5 21.
Rxd5 Qc7 22. b3 Nf6 23. Rd2 Nh5 24. Rfd1 Nf4 25. Qe4 Rg5 26. Kh1 Rf6 27. Ng4
Rfg6 28. Kh2 h5 29. h4 hxg4 30. hxg5 Rxg5 31. Rxd6 g3+ 32. Kg1 Qc5+ 33. R1d4
Ne2+ 34. Qxe2 exd4 35. Rd8+ Kh7 36. Qd3+ g6 37. Qxd4 Re5 38. Kf1 Qxd4 39. Rxd4
Kh6 40. Rg4 Rg5 41. Rxg5 Kxg5 42. Ke2 Kf4 43. b4 g5 44. c5 Ke5 45. Kd3 Kd5 46.
Kc3 b6 47. cxb6 axb6 48. a4 Kc6 49. Kd4 Kd6 50. a5 1-0

[Event "SR 3. liga A2 2010/2011"]
[Site "?"]
[Date "2010.10.17"]
[Round "1.5"]
[White "Lanyi, Frantisek"]
[Black "Bilovsky, Milan"]
[Result "1/2-1/2"]
[WhiteElo "1725"]
[BlackElo "1918"]
[PlyCount "71"]
[EventDate "2010.??.??"]
[WhiteTeam "Slovakia"]
[BlackTeam "II"]
[WhiteTeamCountry "SVK"]
[BlackTeamCountry "SVK"]

1. e4 c5 2. Nf3 Nc6 3. d4 cxd4 4. Nxd4 Nf6 5. Nc3 e6 6. Nxc6 bxc6 7. e5 Nd5 8.
Nxd5 cxd5 9. Bd3 d6 10. Bf4 g6 11. Bb5+ Bd7 12. Bxd7+ Qxd7 13. exd6 Bg7 14. c3
O-O 15. O-O e5 16. Bg3 Qxd6 17. Qd2 Qc5 18. Rfe1 Rfe8 19. Qe3 Qxe3 20. fxe3 f5
21. Rad1 Rad8 22. Bf2 Kf7 23. Rd2 Bh6 24. Red1 Ke6 25. c4 d4 26. Rd3 Rc8 27.
exd4 Rxc4 28. dxe5 Bf8 29. Bxa7 Ra8 30. Bf2 Rxa2 31. Rd8 Be7 32. R8d2 Bc5 33.
Bxc5 Rxc5 34. Re1 Rxe5 35. Rxe5+ Kxe5 36. Kf2 1/2-1/2

[Event "SR 3. liga A2 2010/2011"]
[Site "?"]
[Date "2010.10.17"]
[Round "1.5"]
[White "Liptak, Tomas"]
[Black "Gasa, Patrik"]
[Result "0-1"]
[WhiteElo "2073"]
[BlackElo "1706"]
[PlyCount "94"]
[EventDate "2010.??.??"]
[WhiteTeam "Slovakia"]
[BlackTeam "II"]
[WhiteTeamCountry "SVK"]
[BlackTeamCountry "SVK"]

1. e4 c5 2. Nf3 Nc6 3. d4 cxd4 4. Nxd4 Nf6 5. Nc3 e5 6. Ndb5 d6 7. Bg5 a6 8.
Na3 Be7 9. Bxf6 Bxf6 10. Nd5 O-O 11. Nc4 b5 12. Ncb6 Rb8 13. Nxc8 Rxc8 14. a4
bxa4 15. Rxa4 a5 16. Bc4 Nb4 17. Ne3 Bg5 18. b3 Bxe3 19. fxe3 Qh4+ 20. Kf1 Qxe4
21. Qd2 Nxc2 22. Kf2 Qf5+ 23. Ke2 Nb4 24. Rxa5 d5 25. Qxb4 dxc4 26. bxc4 Qg4+
27. Kf2 Rxc4 28. Qb1 Rfc8 29. Ra2 Qh4+ 30. g3 Qf6+ 31. Kg2 Qc6+ 32. Kh3 Qh6+
33. Kg2 Qxe3 34. Re1 Qc5 35. Rae2 Rc2 36. Rxc2 Qxc2+ 37. Qxc2 Rxc2+ 38. Kf3
Rxh2 39. Rxe5 f6 40. Re7 Rd2 41. Kf4 Rd5 42. Ra7 Re5 43. Rb7 Kf8 44. Ra7 Re7
45. Ra8+ Kf7 46. Rh8 h6 47. Kf3 Re8 0-1

[Event "SR 3. liga A2 2010/2011"]
[Site "?"]
[Date "2010.10.17"]
[Round "1.5"]
[White "Szekely, Stefan"]
[Black "Strapko, Tomas"]
[Result "0-1"]
[WhiteElo "1976"]
[BlackElo "1892"]
[PlyCount "86"]
[EventDate "2010.??.??"]
[WhiteTeam "Slovakia"]
[BlackTeam "II"]
[WhiteTeamCountry "SVK"]
[BlackTeamCountry "SVK"]

1. c4 Nf6 2. Nc3 g6 3. Nf3 Bg7 4. g3 c5 5. Bg2 Nc6 6. O-O O-O 7. d4 d5 8. cxd5
Nxd5 9. e3 cxd4 10. Nxd5 Qxd5 11. Nxd4 $11 Qc5 12. Nxc6 bxc6 13. Qa4 Rb8 14. e4
Rb4 15. Be3 Rxa4 16. Bxc5 Bxb2 17. Rab1 Bd4 18. Bxd4 Rxd4 19. Rfc1 Be6 20. h4
Rc8 21. Rb7 a5 22. Rc5 a4 23. Rc2 Rd1+ 24. Kh2 Ra1 25. Ra7 Rxa2 26. Rxa2 Bxa2
27. Rxa4 Bb3 28. Rb4 Be6 29. Bh3 f5 30. Rb1 c5 31. Kg1 Kf7 32. e5 c4 33. f4 Bd5
34. Kf2 Be4 35. Rc1 c3 36. Ke3 c2 37. Kf2 Rc3 38. Bg2 Bxg2 39. Kxg2 Ke6 40. Kf2
Kd5 41. Kg2 e6 42. Kf2 Kd4 43. Kg2 Kd3 0-1

[Event "SR 3. liga A2 2010/2011"]
[Site "?"]
[Date "2010.10.17"]
[Round "1.6"]
[White "Brisudova, Veronika"]
[Black "Bahna, Jan"]
[Result "0-1"]
[WhiteElo "1797"]
[BlackElo "1975"]
[PlyCount "74"]
[EventDate "2010.??.??"]
[WhiteTeam "Slovakia"]
[BlackTeam "II"]
[WhiteTeamCountry "SVK"]
[BlackTeamCountry "SVK"]

1. e4 e5 2. Nf3 Nc6 3. Bb5 a6 4. Ba4 Nf6 5. O-O b5 6. Bb3 d6 7. Ng5 d5 8. exd5
Nd4 9. Re1 Bd6 10. d3 O-O 11. Nc3 Bb7 12. Nge4 Nxb3 13. Nxf6+ Qxf6 14. axb3 Qg6
15. Re3 f5 16. Rg3 Qe8 17. Rh3 b4 18. Ne2 Bxd5 19. c4 Bb7 20. Ng3 Qg6 21. Qh5
Rf6 22. Qxg6 Rxg6 23. f3 Bc5+ 24. Kf1 Rf8 25. Rh5 Bc8 26. Ra5 Rc6 27. Bd2 g6
28. Rh6 Kg7 29. Rxc5 Rxc5 30. Rxh7+ Kxh7 31. Bxb4 Rd8 32. Bxc5 Rxd3 33. Bb4
Rxb3 34. Bc3 Be6 35. c5 c6 36. Ke1 a5 37. Bxe5 Re3+ 0-1

[Event "SR 3. liga A2 2010/2011"]
[Site "?"]
[Date "2010.10.17"]
[Round "1.6"]
[White "Husek, Lubomir"]
[Black "Lajda, Dusan"]
[Result "1/2-1/2"]
[WhiteElo "1786"]
[BlackElo "1890"]
[PlyCount "50"]
[EventDate "2010.??.??"]
[WhiteTeam "Slovakia"]
[BlackTeam "II"]
[WhiteTeamCountry "SVK"]
[BlackTeamCountry "SVK"]

1. e4 c5 2. Nf3 Nc6 3. d4 cxd4 4. Nxd4 d6 5. Nc3 Nf6 6. Be2 g6 7. Be3 Bd7 8.
O-O Bg7 9. f4 O-O 10. Kh1 a6 11. Qd2 b5 12. a3 Rc8 13. Bf3 Na5 14. b3 Qc7 15.
Nd5 Nxd5 16. exd5 e5 17. dxe6 fxe6 18. Rad1 d5 19. Rf2 Nb7 20. Rdf1 Nd6 21. Qd3
Rfe8 22. g4 Qc3 23. Rd1 Rf8 24. Bg2 Qxd3 25. Rxd3 Rc7 1/2-1/2

[Event "SR 3. liga A2 2010/2011"]
[Site "?"]
[Date "2010.10.17"]
[Round "1.6"]
[White "Lanik, Miroslav"]
[Black "Sarmir, Milos"]
[Result "0-1"]
[WhiteElo "1871"]
[BlackElo "2062"]
[PlyCount "92"]
[EventDate "2010.??.??"]
[WhiteTeam "Slovakia"]
[BlackTeam "II"]
[WhiteTeamCountry "SVK"]
[BlackTeamCountry "SVK"]

1. e4 e5 2. Nf3 Nc6 3. Bb5 a6 4. Ba4 Nf6 5. O-O Be7 6. Re1 b5 7. Bb3 d6 8. c3
O-O 9. h3 Na5 10. Bc2 c5 11. d4 Qc7 12. Nbd2 Bd7 13. d5 c4 14. Nf1 Nb7 15. Ng3
Nc5 16. Be3 a5 17. Qe2 Rfb8 18. Nd2 Na6 19. f4 Ne8 20. f5 Bh4 21. Qg4 Qd8 22.
Nf3 Be7 23. Nh2 Nf6 24. Qf3 b4 25. Rab1 b3 26. axb3 cxb3 27. Bd3 Nc5 28. Bxc5
dxc5 29. Nh5 a4 30. Nxf6+ Bxf6 31. Ng4 a3 32. bxa3 Rxa3 33. Rb2 Ra2 34. Reb1
Rxb2 35. Rxb2 Qa5 36. c4 Qc3 37. Qe2 Bg5 38. Rb1 b2 39. Nf2 Ba4 40. Kh2 Bc1 41.
Nd1 Bxd1 42. Qxd1 Rb3 43. Bc2 Qg3+ 44. Kg1 Be3+ 45. Kh1 Bf4 46. Kg1 Qh2+ 0-1

[Event "SR 3. liga A2 2010/2011"]
[Site "?"]
[Date "2010.10.17"]
[Round "1.6"]
[White "Mackovic, Miroslav"]
[Black "Koloditsova, Renata"]
[Result "1-0"]
[WhiteElo "1915"]
[BlackElo "1759"]
[PlyCount "117"]
[EventDate "2010.??.??"]
[WhiteTeam "Slovakia"]
[BlackTeam "II"]
[WhiteTeamCountry "SVK"]
[BlackTeamCountry "SVK"]

1. e4 e5 2. Nf3 Nf6 3. Nxe5 d6 4. Nf3 Nxe4 5. d4 d5 6. Bd3 Bd6 7. O-O O-O 8. c4
c6 9. Nc3 Re8 10. Re1 Bf5 11. Qc2 Na6 12. a3 Qa5 13. Nxe4 dxe4 14. Bxe4 Bxe4
15. Rxe4 Qh5 16. Bf4 Bxf4 17. Rxf4 f6 18. Re4 Rxe4 19. Qxe4 Re8 20. Qd3 Nc7 21.
Re1 Rxe1+ 22. Nxe1 Qg5 23. Qe2 Kf7 24. g3 Ne6 25. Qe4 Qd2 26. Nf3 Qc1+ 27. Kg2
Qxc4 28. h4 g6 29. g4 Qd5 30. Qxd5 cxd5 31. Kf1 Nf4 32. Ne1 Ke7 33. f3 Kd6 34.
Kf2 Kc6 35. Ke3 g5 36. hxg5 fxg5 37. Nd3 Nxd3 38. Kxd3 Kb5 39. b3 a5 40. Kc3 a4
41. b4 h6 42. Kd3 b6 $11 43. Kc3 Kc6 44. Kd2 Kb5 45. Kd3 Kc6 46. Ke3 Kd6 47. b5
Ke6 48. Kd3 Kd6 49. Kc3 Kc7 50. Kb4 Kb7 51. Kxa4 Ka7 52. Kb4 Kb7 53. Kc3 Kc7
54. Kd3 Kd6 55. Kc3 Kc7 56. Kb4 Kb7 57. a4 Kb8 58. a5 Kb7 59. a6+ 1-0

[Event "SR 3. liga A2 2010/2011"]
[Site "?"]
[Date "2010.10.17"]
[Round "1.6"]
[White "Slaby, Jozef"]
[Black "Kalmar, Tamas"]
[Result "1/2-1/2"]
[WhiteElo "1865"]
[BlackElo "1754"]
[PlyCount "99"]
[EventDate "2010.??.??"]
[WhiteTeam "Slovakia"]
[BlackTeam "II"]
[WhiteTeamCountry "SVK"]
[BlackTeamCountry "SVK"]

1. d4 Nf6 2. c4 g6 3. Nc3 Bg7 4. e4 d6 5. f3 O-O 6. Be3 e5 7. d5 Nh5 8. Bd3 a5
9. Nge2 f5 10. exf5 gxf5 11. Qd2 Na6 12. O-O-O Bd7 13. Bh6 Qe7 14. Bxg7 Qxg7
15. Rdg1 Nc5 16. Bc2 Kh8 17. g3 Rg8 18. h3 Qg5 19. g4 Qxd2+ 20. Kxd2 Ng7 21. g5
Nh5 22. h4 Raf8 23. a3 a4 24. Nc1 Nf4 25. Nd3 Nfxd3 26. Bxd3 Nb3+ 27. Ke3 Nd4
28. h5 Kg7 29. Ne2 Nxe2 30. Bxe2 Kf7 31. f4 Re8 32. Bf3 b6 33. h6 Ke7 34. Bh5
Ref8 35. Rg3 Be8 36. Bd1 Kf7 37. Re1 Ke7 38. Kf2 e4 39. b3 axb3 40. Bxb3 Bg6
41. Ba4 Ra8 42. Bc6 Ra5 43. Ra1 Rc5 44. Bb5 Bf7 45. a4 Ra8 46. Rga3 Ra5 47. Ke3
Kf8 48. Kd4 Bh5 49. Rg1 Bg6 50. Re1 $11 1/2-1/2

[Event "SR 3. liga A2 2010/2011"]
[Site "?"]
[Date "2010.10.17"]
[Round "1.6"]
[White "Zajicek, Ferdinand"]
[Black "Both, Tamas"]
[Result "1-0"]
[WhiteElo "1873"]
[BlackElo "1781"]
[PlyCount "117"]
[EventDate "2010.??.??"]
[WhiteTeam "Slovakia"]
[BlackTeam "II"]
[WhiteTeamCountry "SVK"]
[BlackTeamCountry "SVK"]

1. e4 e5 2. Nf3 Nc6 3. Bc4 d6 4. Nc3 Bg4 5. h3 Bxf3 6. Qxf3 Qf6 7. Qxf6 Nxf6 8.
d3 Nd4 9. Bb3 Nxb3 10. axb3 a6 11. O-O O-O-O 12. f4 c6 13. fxe5 dxe5 14. Bg5
Be7 15. Bxf6 Bxf6 16. Ne2 Rd7 17. Rf3 Be7 18. Raf1 f6 19. g4 h6 20. Kg2 Kc7 21.
Nc3 b5 22. Ra1 Kb6 23. Kf2 h5 24. gxh5 Rxh5 25. Kg2 Rg5+ 26. Rg3 Rxg3+ 27. Kxg3
Bd6 28. Rf1 Rf7 29. Kg4 g6 30. h4 Be7 31. h5 gxh5+ 32. Kxh5 Rh7+ 33. Kg6 Rh2
34. Kf7 Bd8 35. Rc1 Kc5 36. Ke6 Kd4 37. b4 Ke3 38. Nb1 Rf2 39. Kd7 Bb6 40. Kxc6
Bd4 41. Re1+ Kf4 42. c3 Be3 43. Kb7 Rxb2 44. Kxa6 Bf2 45. Rd1 Ke3 46. Kxb5 Ke2
47. Rd2+ Rxd2 48. Nxd2 Kxd2 49. c4 Kxd3 50. c5 Kxe4 51. c6 f5 52. c7 f4 53.
c8=Q Kf3 54. Qc3+ Ke4 55. Qc2+ Kf3 56. Qd1+ Ke3 57. Qb3+ Ke4 58. Qc2+ Ke3 59.
Qc5+ 1-0